Vista normal Vista MARC

Entrada Términos de género/forma

Número de registros utilizados en: 52

001 - NÚMERO DE CONTROL

  • campo de control: 241262

003 - IDENTIFICADOR DE NÚMERO DE CONTROL

  • campo de control: ES-MaACL

005 - FECHA Y HORA DE LA ÚLTIMA TRANSACCIÓN

  • campo de control: 20250709054509.0

008 - ELEMENTOS DE DATO DE LONGITUD-FIJA

  • campo de control de longitud fija: 250708|| aca||babn | a|a d

040 ## - FUENTE DE CATALOGACIÓN

  • Centro catalogador/agencia de origen: ES-MaACL

155 ## - ENCABEZAMIENTO--TÉRMINO DE GÉNERO/FORMA

  • Término de género/forma: Almanaques

455 ## - TRAZADO DE VÉASE--TÉRMINO GÉNERO/FORMA

  • Término de género/forma: Piscator

455 ## - TRAZADO DE VÉASE--TÉRMINO GÉNERO/FORMA

  • Término de género/forma: Pronósticos

555 ## - TRAZADO DE VÉASE ADEMÁS--TÉRMINO GÉNERO/FORMA

  • Subcampo de control: g
  • Término de género/forma: Obras de referencia

555 ## - TRAZADO DE VÉASE ADEMÁS--TÉRMINO GÉNERO/FORMA

  • Subcampo de control: g
  • Término de género/forma: Publicaciones seriadas